000 00333 a2200145 4500
001 156147
040 _cEscola São Tomás de Aquino
240 1 0 _aA bela adormecida
_lpor
245 1 0 _aA bela adormecida
300 _a24
362 0 _a1991
440 1 _aFTD
697 _aContos de Fadas e Clássicos da Literatura
942 _cBK
999 _c156147
_d156147